Inconsistencias que surgen del modelo de revaluación de los bienes de uso (Registro nro. 12094)
[ vista simple ]
| 000 -LEADER | |
|---|---|
| fixed length control field | 00499 a2200169 4500 |
| 001 - CONTROL NUMBER | |
| control field | ART_35140 |
| 005 - DATE AND TIME OF LATEST TRANSACTION | |
| control field | 20260410161627.0 |
| 008 - FIXED-LENGTH DATA ELEMENTS--GENERAL INFORMATION | |
| fixed length control field | 260409a |
| 100 1# - MAIN ENTRY--PERSONAL NAME | |
| Personal name | Suardi, Diana |
| 245 10 - TITLE STATEMENT | |
| Title | Inconsistencias que surgen del modelo de revaluación de los bienes de uso |
| 700 1# - ADDED ENTRY--PERSONAL NAME | |
| Personal name | Bertolino, Gisela |
| 700 1# - ADDED ENTRY--PERSONAL NAME | |
| Personal name | Díaz, Teresa |
| 700 1# - ADDED ENTRY--PERSONAL NAME | |
| Personal name | Chiurchú, Andrea |
| 700 1# - ADDED ENTRY--PERSONAL NAME | |
| Personal name | Galante, Stella |
| 700 1# - ADDED ENTRY--PERSONAL NAME | |
| Personal name | Pozzi, Nélida B. |
| 773 0# - HOST ITEM ENTRY | |
| Title | Enfoques |
| Related parts | - Nº 10 (oct. 2015) |
| Record control number | REV416 |
No hay ítems disponibles.